000 00229nam a2200109Ia 4500
999 _c7229
_d7229
020 _a978-0023399909
100 _aRobert M. Fulmer
245 4 _aThe New Management
260 _aUSA
_bMacMillan
_c1987
300 _a526
942 _cBK